000
00343nam a2200157Ia 4500
003
OSt
005
20231117062129.0
008
170524s9999 xx 000 0 und d
020
_a
0-47146427-9
040
_c
IIMT
100
_a
Gisslen- Wayne
245
0
_a
Professional Baking
260
_b
Wiley & Sons.
260
_c
2005
942
_2
ddc
_c
02
999
_c
6976
_d
6976